Statistiques concernant Culture Générale - Série 2142

Cliquez ici pour prendre le quiz!

Statistiques générales

  • Ce quiz a été pris 92 fois
  • Le résultat moyen est 5 sur 10

Statistiques - réponses

QuestionRéponse% Correct
Avec le lait de quel animal fabrique-t-on le "chabichou" ?chèvre
93%
Dans quel pays est née l'actrice Cécile de France ?Belgique
92%
A quel art associe-t-on le mot "toccata" ?musique
77%
Nom commun de la chicorée de Bruxelles ou chicorée Witloof, appelée aussi chicon dans le Nord de la France, au Luxembourg et en Belgique.endive
72%
Quel fruit est appelé " Belle de Boskoop" ?pomme
65%
Randonnée pédestre caractérisée par sa longue durée et par la traversée de zones sauvages ou difficilestrekking
56%
Dans la gastronomie française , avec quel mois du calendrier républicain , le homard est-il associé ?thermidor
53%
En Espagne, quelle est la capitale des Asturies ?Oviedo
18%
La joubarbe est une plante appelée "barbe de .... - voir photoJupiter
8%
Quelle est la capitale de la province canadienne Terre-Neuve-et-Labrador ?Saint John's
6%

Distribution des résultats

Percentile par nombre de réponses

% des personnes avec chaque résultat

Votre développement - résultats

Vous n’avez pas pris ce quiz